Advanced engineering mathematics (Record no. 1337)

000 -LEADER
fixed length control field 00610nam a2200217 a 4500
001 - CONTROL NUMBER
control field 1337
003 - CONTROL NUMBER IDENTIFIER
control field BD-DhUET
008 - FIXED-LENGTH DATA ELEMENTS--GENERAL INFORMATION
fixed length control field 980909s1999 nyua b 001 0 eng
020 ## - INTERNATIONAL STANDARD BOOK NUMBER
International Standard Book Number 047133328X
040 ## - CATALOGING SOURCE
Original cataloging agency DLC
Transcribing agency DLC
Modifying agency BD-DhUET
082 00 - DEWEY DECIMAL CLASSIFICATION NUMBER
Classification number 530.15
Item number KRE/1999
100 ## - MAIN ENTRY--PERSONAL NAME
Personal name Kreyszig, Erwin
245 10 - TITLE STATEMENT
Title Advanced engineering mathematics
250 ## - EDITION STATEMENT
Edition statement 8th ed.
260 ## - PUBLICATION, DISTRIBUTION, ETC. (IMPRINT)
Place of publication, distribution, etc. New Delhi
Name of publisher, distributor, etc. John Wiley & Sons
Date of publication, distribution, etc. 1999
300 ## - PHYSICAL DESCRIPTION
Extent xvi,1156 p.+ various paging
504 ## - BIBLIOGRAPHY, ETC. NOTE
Bibliography, etc Includes bibliographies
650 #0 - SUBJECT ADDED ENTRY--TOPICAL TERM
Topical term or geographic name as entry element Engineering mathematics
856 41 - ELECTRONIC LOCATION AND ACCESS
Uniform Resource Identifier http://www.loc.gov/catdir/toc/onix04/98037591.html
942 ## - ADDED ENTRY ELEMENTS (KOHA)
Koha item type General Book
Holdings
Copy number Koha date last borrowed Koha date last seen Location (home branch) Koha issues (times borrowed) Piece designation (barcode) Lost status Damaged status Koha item type Not for loan Price effective from Withdrawn status Koha full call number Koha renewals Sublocation or collection (holding branch) Date acquired Source of classification or shelving scheme Shelving location Koha normalized classification for sorting
12024-01-302024-03-06Central Library, BUET2103814  General Book 2014-09-03 530.15/KRE/1999 Central Library, BUET2014-09-03 Circulation section530_000000000000000_15KRE1999
2 2014-09-03Central Library, BUET 103815  General Book 2014-09-03 530.15/KRE/1999 Central Library, BUET2014-09-03 Circulation section530_000000000000000_15KRE1999
32024-01-222024-02-03Central Library, BUET6103816  General Book 2014-09-03 530.15/KRE/1999 Central Library, BUET2014-09-03 Circulation section530_000000000000000_15KRE1999
42024-01-302024-02-17Central Library, BUET3103817  General Book 2014-09-03 530.15/KRE/1999 Central Library, BUET2014-09-03 Circulation section530_000000000000000_15KRE1999
52024-01-302024-02-19Central Library, BUET5103818  General Book 2014-09-03 530.15/KRE/1999 Central Library, BUET2014-09-03 Circulation section530_000000000000000_15KRE1999
62024-01-302024-02-05Central Library, BUET897509  General Book 2014-10-27 530.15/KRE/19992Central Library, BUET2014-10-27 Circulation section530_150000000000000_KRE_1999
7 2015-06-16Central Library, BUET 96647  Reading Item 2015-06-16 530.15/KRE/1999 Central Library, BUET2015-06-16 Reading section530_150000000000000_KRE_1999
82025-12-012026-01-18Central Library, BUET897508  General Book 2017-05-28 530.15/KRE/1999 Central Library, BUET2003-05-10 Circulation section530_150000000000000_KRE_1999